| LEADER | 00511cam a2200145 7i4500 | ||
|---|---|---|---|
| 001 | 0000027353 | ||
| 005 | 20120110090000.0 | ||
| 020 | 0 | 0 | |a 9789677013300 |
| 090 | 0 | 0 | |a T 382.7 |b LAW (M) |
| 245 | 0 | 0 | |a Laws and regulations applicable to the Malaysian Royal Customs Department : |b all amendments up to 7 October 2011 including 2012 budger amendments. |
| 260 | 0 | 0 | |a Kuala Lumpur: |b MDC, |c 2011. |
| 300 | # | # | |a 1000 p. |
| 650 | 0 | 0 | |a Tariff -- |z Malaysia |
| 651 | 0 | 0 | |a Malaysia |
| 999 | |a B000030019 |b Book |c Tariffs |e Business Information Centre | ||